00615nam a22001817a 450000500170000001000130001702000260003003500170005603700120007308200130008510000250009824501090012326000460023227000780027830000300035650000190038670000280040520160426103343.0 a1516EN07 a9788132102250c495.00 aB-611011-031 bUBH/ven a320.0954 aChakrabarty, Bidyut  aModern Indian political thought :btext and context /cby Bidyut Chakrabarty [and] Rajendra Kumar Pandey aNew DelhibSAGE Publications India c2015 aB1/I-1 Mohan Cooperativ Industrial Area Mathura Road,bNew Delhi e110044 axxxix, 430 p.c23cm (Pbk) aIncludes index aPandey, Rajendra Kumar